<?xml version="1.0" encoding="UTF-8"?><?xml-stylesheet type="text/xsl" href="static/style.xsl"?><OAI-PMH xmlns="http://www.openarchives.org/OAI/2.0/" xmlns:xsi="http://www.w3.org/2001/XMLSchema-instance" xsi:schemaLocation="http://www.openarchives.org/OAI/2.0/ http://www.openarchives.org/OAI/2.0/OAI-PMH.xsd"><responseDate>2026-04-14T03:05:53Z</responseDate><request verb="GetRecord" identifier="oai:www.recercat.cat:10230/68584" metadataPrefix="marc">https://recercat.cat/oai/request</request><GetRecord><record><header><identifier>oai:recercat.cat:10230/68584</identifier><datestamp>2025-12-21T01:47:20Z</datestamp><setSpec>com_2072_6</setSpec><setSpec>col_2072_452953</setSpec></header><metadata><record xmlns="http://www.loc.gov/MARC21/slim" xmlns:dcterms="http://purl.org/dc/terms/" xmlns:xsi="http://www.w3.org/2001/XMLSchema-instance" xmlns:doc="http://www.lyncode.com/xoai" xsi:schemaLocation="http://www.loc.gov/MARC21/slim http://www.loc.gov/standards/marcxml/schema/MARC21slim.xsd">
   <leader>00925njm 22002777a 4500</leader>
   <datafield ind2=" " ind1=" " tag="042">
      <subfield code="a">dc</subfield>
   </datafield>
   <datafield ind2=" " ind1=" " tag="720">
      <subfield code="a">González Luna, Libertad</subfield>
      <subfield code="e">author</subfield>
   </datafield>
   <datafield ind2=" " ind1=" " tag="720">
      <subfield code="a">Zoabi, Hosny</subfield>
      <subfield code="e">author</subfield>
   </datafield>
   <datafield ind2=" " ind1=" " tag="260">
      <subfield code="c">2024-11-14T10:09:42Z</subfield>
   </datafield>
   <datafield ind2=" " ind1=" " tag="260">
      <subfield code="c">2024-11-14T10:09:42Z</subfield>
   </datafield>
   <datafield ind2=" " ind1=" " tag="260">
      <subfield code="c">2021-11-01</subfield>
   </datafield>
   <datafield ind2=" " ind1=" " tag="260">
      <subfield code="c">2024-11-14T10:08:18Z</subfield>
   </datafield>
   <datafield ind2=" " ind1=" " tag="520">
      <subfield code="a">We consider a non-cooperative model of the household, in which the husband and wife decide on parental leave and the allocation of time between child rearing and the labor market. They can choose the non-cooperative outside option or cooperate by reaching an agreement of specialization in which the wife specializes in raising kids (home production) while the husband works and transfers consumption to his wife. The model identifies three distinct groups of couples: Egalitarian couples (with a sufficiently low gender wage gap), Intermediate-gap couples (with an intermediate gender wage gap) and high-gap couples (with a sufficiently high gender wage gap). Our model predicts that while egalitarian couples never specialize and always share home production, those with intermediate and high gaps do have such an agreement. An expansion in paternity leave reduces the net benefits from the agreement and moves the intermediate-gap couples to their outside option where women work more and men do more home production. As a result, the cost of raising children increases and fertility declines. Assuming a loss of utility from children in the case of divorce, lower fertility increases the probability of divorce. Using Spanish data and RDD analysis, we confirm our model&amp;apos;s predictions. Specifically, while we don&amp;apos;t find systematic effects of paternity leave expansion on egalitarian and high-gap couples, we find that, among intermediate-gap couples, the two-week paternity leave introduced in 2007 resulted in a reduction in fertility by up to 60%, an increase in the probability to divorce by 37%, and an increase in father&amp;apos;s childcare and housework time as much as 2-3 hours per day.</subfield>
   </datafield>
   <datafield tag="653" ind2=" " ind1=" ">
      <subfield code="a">gender equality</subfield>
   </datafield>
   <datafield tag="653" ind2=" " ind1=" ">
      <subfield code="a">specialization</subfield>
   </datafield>
   <datafield tag="653" ind2=" " ind1=" ">
      <subfield code="a">fertility</subfield>
   </datafield>
   <datafield tag="653" ind2=" " ind1=" ">
      <subfield code="a">divorce</subfield>
   </datafield>
   <datafield tag="653" ind2=" " ind1=" ">
      <subfield code="a">time allocation</subfield>
   </datafield>
   <datafield tag="653" ind2=" " ind1=" ">
      <subfield code="a">Labour, Public, Development and Health Economics</subfield>
   </datafield>
   <datafield ind2="0" ind1="0" tag="245">
      <subfield code="a">Does paternity leave promote gender equality within households?</subfield>
   </datafield>
   <datafield ind2="0" ind1="0" tag="245">
      <subfield code="a"/>
   </datafield>
</record></metadata></record></GetRecord></OAI-PMH>